000 00932nam a22002895i 4500
001 18019
003 ES-MaACL
005 20250313063301.0
007 t|
008 010803s1995 sp ||||0| spa j
020 _a84-7962-077-3
040 _aM-BN
_bspa
_cM-BN
080 _a82-1.01
100 1 _aSchiller, Friedrich,
_d1759-1805
_9104361
245 1 0 _aSobre poesía ingenua y poesía sentimental /
_cFriedrich Schiller ; edición de Pedro Aullón de Haro sobre la versión de Juan Probst y Raimundo Lida.
260 _aMadrid :
_bVerbum,
_cD.L. 1995.
300 _aXXXII, 108 p ;
_c20 cm.
490 1 _aVerbum ensayo
650 1 4 _aPoética.
_916254
700 1 _aProbst, Juan.
_994011
700 1 _aLida, Raimundo.
_972209
700 1 _aAullón de Haro, Pedro
_923910
830 0 _aVerbum ensayo
_9180363
852 _aES-MaACL
_jL-24770
_bR.130084
999 _c18019
_d18019